| 000 | 00596nac a22001691u 4500 | ||
|---|---|---|---|
| 020 | _a0070436401 | ||
| 082 |
_a621.314 _bD2296 |
||
| 090 |
_c881 _d881 |
||
| 100 | _aDasgupta, Indrajit | ||
| 245 |
_aDesign of Transformers / _cIndrajit Dasgupta. |
||
| 260 |
_aNew Delhi : _bTata McGraw-Hill, _cc2002. |
||
| 300 |
_a537 p. : _bill. ; _c25 cm. |
||
| 500 | _aIncludes index. | ||
| 650 | _aElectric transformers. | ||
| 942 |
_cBB _k621.314D2296 |
||
| 999 |
_c881 _d881 |
||